00751nam a22002057a 450000500170000001000150001702000260003203500130005803700130007108200150008410000190009924501060011826000430022427000600026730000240032750000200035194200290037199900170040095201280041720150623112242.0 aENG-112873 c595.00a9789350353721 aEN-96405 bDBAD/PUB a345.540253 aNarayana, P.S. aCommentary on the Protection of Children from Sexual Offences Act, 2012 and rules /cby P.S. Narayana a DelhibUniversal Law Publishingc2013 aA-58, G.T Karnal Road Industrial Estate,bDelhie110033 aliv,428p.c25cm(Hb) aIncludes index  2ddccENmNARh345.540253 c93345d93345 001040718NFICaDBADbDBADd2015-05-06eDBAD/PUBg595.00l0o345.540253 NARpEN-96405r2015-05-06 00:00:00t1v595.00yEN